000 00514nam a2200193Ia 4500
005 20250508152614.0
008 008 250505s9999 xx 000 0 eng d
037 _aTextual
040 _aFEDL
_beng
_cFEDL
041 _aeng
_2eng
084 _a372.3, GIB
_qFEDL
100 _aGibbs M Alice
245 0 _aLiving things
260 _aLondon, UK
_bChatto and Windus
300 _a31p.
490 _aA course in nature study book three
942 _cTEXL
_h372.3, GIB
999 _c1337555
_d1337555